| 000 | 00881nam a2200241 a 4500 | ||
|---|---|---|---|
| 008 | 130809s2006 ||||||||||||||||| || u | ||
| 020 | _a9780850928341 | ||
| 050 | _aCOMM(08) | ||
| 100 | _aFleming, Euan | ||
| 245 | 1 | 0 |
_aDeclining agricultural commodity prices: productivity gain or immiserising growth? _cby Euan Fleming, D. S. Prasada Rao and Pauline Fleming |
| 260 |
_aLondon: _bCommonwealth Secretariat _c2006 |
||
| 300 | _axiii, 88p.: ill. | ||
| 362 | 1 | _a<p>No. 74, 2006</p> | |
| 490 | _aEconomic paper | ||
| 490 | _vNo. 74 | ||
| 500 | _aBibliography | ||
| 650 | _aAGRONOMY | ||
| 650 | _aAGRICULTURE--ECONOMIC ASPECTS | ||
| 700 | _aFleming, Pauline | ||
| 700 | _aRao, D. S. Prasada | ||
| 710 | _aThe Commonwealth | ||
| 995 |
_FCBU-MAIN LIBRARY (Kitwe) _M1 _UAVAILABLE _WNov 6, 2013 _ZInternational Publications |
||
| 999 |
_c39534 _d39534 |
||